[Event "International Championship of Central Se"]
[Site "Paracin, hotel "]
[Date "2012.07.07"]
[Round "2.1"]
[White "Monticone, Sonia"]
[Black "Milosevic, Rade"]
[Result "1/2-1/2"]
[WhiteElo "1882"]
[BlackElo "2099"]
[PlyCount "140"]
[EventDate "2012.07.06"]

1. e4 c6 2. Nc3 d5 3. Nf3 Bg4 4. h3 Bxf3 5. Qxf3 e6 6. g3 Qf6 7. Qxf6 Nxf6 8.
Bg2 Bb4 9. e5 Nfd7 10. f4 O-O 11. Ne2 a5 12. a3 Be7 13. O-O b5 14. d3 Nb6 15.
Kh1 N8d7 16. Bd2 c5 17. Nc3 b4 18. Nb5 Rfc8 19. c3 bxc3 20. bxc3 c4 21. d4 Rab8
22. f5 Na4 23. Rab1 Rb6 24. Nd6 Bxd6 25. exd6 Rxd6 26. Rb5 Ra8 27. Re1 Nf6 28.
Reb1 h6 29. g4 exf5 30. gxf5 Raa6 31. Bf3 Rab6 32. Bd1 Rxb5 33. Rxb5 Nb6 34.
Rxa5 Ne4 35. Be1 Rf6 36. Bf3 Ng5 37. Bg4 h5 38. Bxh5 Rxf5 39. Kg2 Nxh3 40.
Bxf7+ Kxf7 41. Kxh3 Rf1 42. Ra7+ Kg8 43. Rb7 Na4 44. Ra7 Nxc3 45. Bxc3 Rf3+ 46.
Kg2 Rxc3 47. Rd7 Rxa3 48. Rxd5 Rd3 49. Rd7 Kh7 50. d5 Kh6 51. d6 c3 52. Rc7 g5
53. d7 Kh5 54. d8=Q Rxd8 55. Rxc3 Kh4 56. Rb3 Rd2+ 57. Kg1 Re2 58. Ra3 g4 59.
Rb3 Kg5 60. Ra3 Kf4 61. Kf1 Rd2 62. Kg1 Re2 63. Kh1 Re3 64. Rxe3 Kxe3 65. Kg2
Kf4 66. Kf2 g3+ 67. Kg2 Kg4 68. Kg1 Kh3 69. Kh1 g2+ 70. Kg1 Kg3 1/2-1/2

[Event "International Championship of Central Se"]
[Site "Paracin, hotel "]
[Date "2012.07.07"]
[Round "2.2"]
[White "Milanovic, Maja"]
[Black "Popovic, Milan S"]
[Result "0-1"]
[WhiteElo "1879"]
[BlackElo "2083"]
[PlyCount "60"]
[EventDate "2012.07.06"]

1. e4 c5 2. Nf3 d6 3. d4 cxd4 4. Nxd4 Nf6 5. Nc3 a6 6. Be3 e5 7. Nb3 Be6 8. f3
Be7 9. Qd2 O-O 10. O-O-O Qc7 11. g4 Rc8 12. h4 d5 13. exd5 Nxd5 14. Nxd5 Bxd5
15. Bg2 a5 16. Kb1 a4 17. Nc1 Be6 18. Qf2 Nd7 19. Nd3 Qc4 20. Nc1 Qb5 21. Bf1
Qa5 22. Bd2 Qc7 23. Be3 Bc5 24. Bxc5 Nxc5 25. Nd3 Nxd3 26. Rxd3 Rd8 27. Qe1 a3
28. b3 Qc6 29. Qxe5 Qxf3 30. Rg1 Qd1+ 0-1

[Event "International Championship of Central Se"]
[Site "Paracin, hotel "]
[Date "2012.07.07"]
[Round "2.3"]
[White "Glisic, Tomislav"]
[Black "Zajic, Milun"]
[Result "0-1"]
[WhiteElo "2075"]
[BlackElo "1873"]
[PlyCount "102"]
[EventDate "2012.07.06"]

1. e4 d5 2. exd5 Qxd5 3. Nc3 Qd6 4. d4 c6 5. Nf3 Nf6 6. g3 Bg4 7. Bg2 e6 8. O-O
Qc7 9. Qe1 Bxf3 10. Bxf3 Be7 11. Ne4 Nxe4 12. Qxe4 Nd7 13. c4 Nf6 14. Qe2 O-O
15. Bf4 Qd7 16. Rfd1 Rad8 17. a3 h6 18. Rd2 g5 19. Be3 Qc7 20. Bg2 Bd6 21. c5
Be7 22. f4 Nd5 23. Rf1 Nxe3 24. Qxe3 Qd7 25. Qe5 f6 26. Qe2 Bxc5 27. Qh5 Bxd4+
28. Kh1 Kg7 29. Re1 Qf7 30. Qd1 c5 31. Qb3 e5 32. Qf3 Rd7 33. Bh3 Qd5 34. Kg2
f5 35. fxg5 Qxf3+ 36. Kxf3 e4+ 37. Ke2 hxg5 38. Rf1 Kg6 39. b4 b6 40. Rc2 Rh7
41. Bg2 Rxh2 42. Kd1 Rd8 43. g4 Bc3+ 44. Kc1 Bd2+ 45. Rxd2 Rxd2 46. gxf5+ Kf6
47. Bxe4 cxb4 48. axb4 Rd4 49. Re1 Rc4+ 50. Kd1 Rxb4 51. Bc2 Rd4+ 0-1

[Event "International Championship of Central Se"]
[Site "Paracin, hotel "]
[Date "2012.07.07"]
[Round "2.4"]
[White "Djoric, Krsta"]
[Black "Pleshakov, Anton"]
[Result "0-1"]
[WhiteElo "1876"]
[BlackElo "2074"]
[PlyCount "54"]
[EventDate "2012.07.06"]

1. e4 c5 2. Bc4 e6 3. Nc3 a6 4. a4 Nc6 5. f4 g6 6. Nf3 Bg7 7. O-O Nge7 8. e5 d5
9. Be2 O-O 10. d4 cxd4 11. Nxd4 Qb6 12. Be3 f6 13. Qd2 fxe5 14. fxe5 Rxf1+ 15.
Rxf1 Qc7 16. Bg4 Qxe5 17. Nf3 Qc7 18. Ng5 d4 19. Qf2 Nf5 20. Bf4 e5 21. Bxf5
Bxf5 22. Qh4 h6 23. Nge4 dxc3 24. Be3 cxb2 25. Ng3 Ne7 26. Bxh6 Bxh6 27. Qxh6
Qb6+ 0-1

[Event "International Championship of Central Se"]
[Site "Paracin, hotel "]
[Date "2012.07.07"]
[Round "2.5"]
[White "Cvetic, Milan"]
[Black "Radzhabov, Rodion"]
[Result "1-0"]
[WhiteElo "2063"]
[BlackElo "1867"]
[PlyCount "99"]
[EventDate "2012.07.06"]

1. e4 e5 2. Nf3 Nc6 3. d4 exd4 4. Nxd4 Nf6 5. Nc3 Bb4 6. Nxc6 bxc6 7. Bd3 O-O
8. O-O Qe7 9. Bg5 Qe5 10. f4 Qd4+ 11. Kh1 Ne8 12. e5 g6 13. Ne4 Qxb2 14. c3 d5
15. Rb1 Qxa2 16. Rxb4 dxe4 17. Bxe4 Qe6 18. Qf3 a5 19. Ra4 Bd7 20. Rfa1 f6 21.
exf6 Nxf6 22. Bxf6 Qxf6 23. g3 Rfe8 24. Rxa5 Rxa5 25. Rxa5 Qe6 26. Re5 Qd6 27.
Rxe8+ Bxe8 28. Qd3 Qxd3 29. Bxd3 Kf7 30. Kg2 Ke6 31. Bc4+ Kd6 32. Kf3 c5 33.
Bg8 h6 34. g4 Ke7 35. Ke4 Bd7 36. g5 hxg5 37. fxg5 c6 38. Ke5 Bf5 39. h4 Bg4
40. Bc4 Bf3 41. Bd3 Bg4 42. Be4 c4 43. Bxc6 Be2 44. Be4 Kf7 45. Kd6 Bd3 46.
Bd5+ Kf8 47. Kc5 Ke7 48. Bxc4 Bf5 49. Kd4 Kd6 50. Bd3 1-0

[Event "International Championship of Central Se"]
[Site "Paracin, hotel "]
[Date "2012.07.07"]
[Round "2.6"]
[White "Stojkovic, Dragan D"]
[Black "Djuretanovic, Ivan"]
[Result "1-0"]
[WhiteElo "1872"]
[BlackElo "2051"]
[PlyCount "120"]
[EventDate "2012.07.06"]

1. d4 Nf6 2. Bg5 b6 3. Nd2 Bb7 4. e3 e6 5. Ngf3 Be7 6. Bd3 h6 7. Bxf6 Bxf6 8.
c3 d6 9. e4 O-O 10. h4 c5 11. g4 Nc6 12. dxc5 dxc5 13. Qe2 Be5 14. g5 h5 15.
Nxe5 Nxe5 16. Bc2 g6 17. O-O-O Qc7 18. Rhf1 a5 19. f4 Ba6 20. c4 Nc6 21. Bd3
Nd4 22. Qe3 Qc6 23. f5 exf5 24. exf5 Rae8 25. Qg3 b5 26. fxg6 fxg6 27. Rxf8+
Rxf8 28. Be4 Qe6 29. Qg2 Qe5 30. Re1 Kg7 31. Kd1 Qd6 32. Bb7 Rd8 33. Bxa6 Nf3
34. Re2 Qd3 35. Kc1 Nxd2 36. Rxd2 Qxc4+ 37. Kb1 Re8 38. Qf2 Rf8 39. Rd7+ Kg8
40. Qc2 Rf1+ 41. Rd1 Rxd1+ 42. Qxd1 Qe4+ 43. Ka1 Qxh4 44. Qd8+ Kg7 45. Qe7+ Kg8
46. Qe6+ Kg7 47. Qf6+ Kh7 48. Qf7+ Kh8 49. Qf8+ Kh7 50. Qh6+ Kg8 51. Qxg6+ Kh8
52. Bxb5 Qh1+ 53. Qb1 Qg2 54. g6 h4 55. Bd3 h3 56. Be4 Qg3 57. Qf1 Kg7 58. Qf7+
Kh6 59. a3 Qe1+ 60. Bb1 h2 1-0

[Event "International Championship of Central Se"]
[Site "Paracin, hotel "]
[Date "2012.07.07"]
[Round "2.7"]
[White "Majstorovic, Dusan"]
[Black "Nikolic, Milan"]
[Result "1-0"]
[WhiteElo "2050"]
[BlackElo "1857"]
[PlyCount "159"]
[EventDate "2012.07.06"]

1. e4 d5 2. exd5 Qxd5 3. d4 e5 4. Be3 exd4 5. Qxd4 Qxd4 6. Bxd4 Nc6 7. Bb5 Bd7
8. Be3 a6 9. Ba4 O-O-O 10. Nf3 h6 11. O-O Nf6 12. Bb3 Bf5 13. Nh4 Bh7 14. Bxf7
Bxc2 15. Ng6 Bxg6 16. Bxg6 Ne5 17. Bf5+ Kb8 18. Nc3 Nc4 19. Rad1 Bd6 20. Bc1
Rhe8 21. Bg6 Rf8 22. g3 Ne5 23. Bc2 Bb4 24. a3 Ba5 25. Bf4 Nc4 26. Na4 g5 27.
Bc1 Bd2 28. Bb3 Na5 29. Be6 Bxc1 30. Rxc1 Ne4 31. Rc2 Rd6 32. Ba2 Nd2 33. Rfc1
Nc6 34. Kg2 Nf3 35. Rc3 Nfe5 36. Nc5 Rd2 37. Rf1 Rxb2 38. Bd5 Ne7 39. Be4 c6
40. Nd3 Nxd3 41. Rxd3 Re2 42. Bf3 Re5 43. Rd7 Kc8 44. Bg4 Nf5 45. Rfd1 Re4 46.
h3 Ra4 47. Rh7 Ra5 48. Rdd7 Rb5 49. Rdf7 Rxf7 50. Rxf7 Rb3 51. Rxf5 Kc7 52. Rf3
Rb2 53. Rc3 Kd6 54. Bf3 c5 55. a4 Rb4 56. a5 Rb5 57. Ra3 c4 58. Ra4 Kc5 59. Be2
Rb4 60. Ra2 c3 61. Rc2 Kd4 62. Bh5 Ra4 63. Bg6 Rxa5 64. Re2 b5 65. Bc2 Ra2 66.
Kf3 Rb2 67. Bd1 Rxe2 68. Kxe2 Kc4 69. f4 gxf4 70. gxf4 b4 71. f5 Kd5 72. Kf3
Ke5 73. Kg4 Kf6 74. Kf4 h5 75. h4 a5 76. Ba4 Ke7 77. Ke5 Kf7 78. Bb3+ Ke7 79.
f6+ Kf8 80. Kf5 1-0

[Event "International Championship of Central Se"]
[Site "Paracin, hotel "]
[Date "2012.07.07"]
[Round "2.8"]
[White "Rajic, Milovan"]
[Black "Ostojic, Nikola M"]
[Result "0-1"]
[WhiteElo "1865"]
[BlackElo "2048"]
[PlyCount "114"]
[EventDate "2012.07.06"]

1. d4 Nf6 2. c4 e6 3. a3 b6 4. Nc3 Bb7 5. Bg5 Be7 6. e3 d6 7. Nf3 Nbd7 8. Be2
c5 9. O-O cxd4 10. exd4 d5 11. b3 O-O 12. Qd3 Rc8 13. Rfd1 Ne4 14. Bxe7 Qxe7
15. Bf1 Rfd8 16. Qe3 Nxc3 17. Qxc3 Nf6 18. Nd2 Qd6 19. Nf3 dxc4 20. bxc4 Nd5
21. Qd2 Ne7 22. Qc3 Nf5 23. Ne1 Nxd4 24. Rd3 e5 25. Rad1 Qc7 26. Rc1 g6 27. h4
h5 28. Re3 Ba6 29. Nd3 Qxc4 30. Qb2 Qa4 31. Rxc8 Rxc8 32. Rxe5 Rc2 33. Qa1 Nb3
34. Qe1 Rc8 35. Re4 Qxa3 36. Qe3 Qa1 37. Ne1 Bxf1 38. Kxf1 Nc5 39. Re7 Kg7 40.
Kg1 a5 41. Kh2 Rd8 42. Nf3 Rd7 43. Re8 Qf6 44. Ng5 a4 45. g3 Qd6 46. Qc3+ Qd4
47. Qf3 Nd3 48. Ne6+ fxe6 49. Qf8+ Kh7 50. Qg8+ Kh6 51. Qf8+ Qg7 52. Qf3 Qf7
53. Qe3+ Kg7 54. Rxe6 Qxf2+ 55. Qxf2 Nxf2 56. Kg2 Ng4 57. Rxb6 Ra7 0-1

[Event "International Championship of Central Se"]
[Site "Paracin, hotel "]
[Date "2012.07.07"]
[Round "2.11"]
[White "Korbovljanovic, Natasa"]
[Black "Radovic, Janko"]
[Result "1/2-1/2"]
[WhiteElo "1844"]
[BlackElo "2024"]
[PlyCount "36"]
[EventDate "2012.07.06"]

1. e4 c5 2. Nf3 d6 3. d4 cxd4 4. Nxd4 Nf6 5. Nc3 a6 6. Be2 e5 7. Nb3 Be6 8. Be3
Nbd7 9. O-O b5 10. f3 Be7 11. a3 O-O 12. Kh1 Nb6 13. f4 Nc4 14. Bc1 exf4 15.
Rxf4 Nd7 16. Nd4 Nde5 17. b3 Nb6 18. Bb2 Qc7 1/2-1/2

[Event "International Championship of Central Se"]
[Site "Paracin, hotel "]
[Date "2012.07.07"]
[Round "2.12"]
[White "Ristic, Dejan D"]
[Black "Stojkovic, Zoran"]
[Result "0-1"]
[WhiteElo "1844"]
[BlackElo "2019"]
[PlyCount "104"]
[EventDate "2012.07.06"]

1. d4 Nf6 2. c4 e6 3. Nc3 d5 4. a3 c5 5. Nf3 Nc6 6. cxd5 exd5 7. Bg5 Be7 8. g3
O-O 9. Bg2 Be6 10. dxc5 h6 11. Be3 Ng4 12. Bd4 Nxd4 13. Qxd4 Rc8 14. O-O Bxc5
15. Qd2 Qb6 16. Nd1 Rfd8 17. h3 Nf6 18. Nc3 Ne4 19. Qe1 Nxg3 20. Na4 Qd6 21.
Nxc5 Qxc5 22. b4 Qb6 23. Qd2 Nxf1 24. Rxf1 Qc7 25. Qd4 b6 26. Kh1 Qc3 27. Qh4
Qxa3 28. Rg1 Rd7 29. Ne5 Rdc7 30. Nd3 Kf8 31. Qg3 a5 32. Qd6+ Kg8 33. Qg3 axb4
34. Bf3 g6 35. Qf4 Kg7 36. h4 Qc3 37. Ne5 Rc4 38. e4 Rxe4 39. Bxe4 Qh3+ 40. Qh2
Qxh2+ 41. Kxh2 dxe4 42. f3 Rc2+ 43. Kg3 Rc3 44. Kf4 e3 45. h5 g5+ 46. Ke4 f6
47. Nd3 Bf5+ 48. Kxf5 Rxd3 49. Ra1 Rd5+ 50. Ke6 Re5+ 51. Kd6 e2 52. Ra7+ Kf8
0-1

[Event "International Championship of Central Se"]
[Site "Paracin, hotel "]
[Date "2012.07.07"]
[Round "2.13"]
[White "Jakovljevic, Dejan"]
[Black "Tosic, Dragoljub"]
[Result "1-0"]
[WhiteElo "1838"]
[BlackElo "1998"]
[PlyCount "75"]
[EventDate "2012.07.06"]

1. e4 d6 2. d4 g6 3. Nc3 Bg7 4. Be3 Nf6 5. Qd2 Ng4 6. Bf4 e5 7. dxe5 Nxe5 8.
O-O-O h5 9. Bxe5 Bxe5 10. f4 Bf6 11. Nf3 Be6 12. Bd3 Bg4 13. Rde1 Bxf3 14. gxf3
c6 15. e5 dxe5 16. fxe5 Bh4 17. Re2 Nd7 18. e6 Nf8 19. exf7+ Kxf7 20. Ne4 Qc7
21. Nd6+ Kg8 22. Bc4+ Kh7 23. Nf7 Kg8 24. Nxh8+ Kxh8 25. Qh6+ Qh7 26. Qxh7+
Kxh7 27. Rd1 Bg5+ 28. Kb1 b5 29. Bd3 Kh6 30. Be4 Rc8 31. Rg2 Ne6 32. h4 c5 33.
hxg5+ Nxg5 34. Rdg1 Nxe4 35. Rxg6+ Kh7 36. fxe4 Re8 37. Rg7+ Kh8 38. R7g5 1-0

[Event "International Championship of Central Se"]
[Site "Paracin, hotel "]
[Date "2012.07.07"]
[Round "2.14"]
[White "Matsenko, Elena"]
[Black "Kostic, Tomislav"]
[Result "0-1"]
[WhiteElo "1996"]
[BlackElo "1833"]
[PlyCount "98"]
[EventDate "2012.07.06"]

1. e4 c5 2. Nf3 e6 3. d4 cxd4 4. Nxd4 a6 5. c4 Nf6 6. Bd3 Qc7 7. O-O d6 8. Be3
b6 9. Nc3 Bb7 10. Rc1 Be7 11. f3 Nbd7 12. Qd2 O-O 13. Rfd1 Rac8 14. Bf1 Qb8 15.
Qf2 Bd8 16. b3 Bc7 17. g3 Qa8 18. Bg2 Qb8 19. Rc2 Rfe8 20. Rcd2 h5 21. Nde2 Ba8
22. h3 b5 23. cxb5 axb5 24. Rc2 b4 25. Na4 h4 26. gxh4 d5 27. Rcd2 Bc6 28. f4
dxe4 29. Kh1 Bxa4 30. bxa4 Nb6 31. Rc1 Nxa4 32. Rdc2 Red8 33. Bd4 Nd5 34. Bxe4
Bb6 35. Rxc8 Rxc8 36. Rxc8+ Qxc8 37. Bxd5 Bxd4 38. Qxd4 exd5 39. Ng1 Qc4 40.
Qe3 Qe4+ 41. Qxe4 dxe4 42. Ne2 Nc3 43. Nc1 f5 44. Kg1 Kf7 45. Kf2 Ke6 46. Ke1
Kd5 47. Kd2 Kc4 48. h5 Nxa2 49. Nxa2 b3 0-1

[Event "International Championship of Central Se"]
[Site "Paracin, hotel "]
[Date "2012.07.07"]
[Round "2.15"]
[White "Zivkovic, Zivojin"]
[Black "Ljuboja, Ognjen"]
[Result "1-0"]
[WhiteElo "1991"]
[BlackElo "1830"]
[PlyCount "51"]
[EventDate "2012.07.06"]

1. Nf3 Nf6 2. g3 g6 3. Bg2 Bg7 4. d3 O-O 5. O-O c5 6. c4 Nc6 7. Nc3 d6 8. a3
Rb8 9. Rb1 a6 10. b4 cxb4 11. axb4 b5 12. cxb5 axb5 13. d4 Ne8 14. h3 Bd7 15.
e4 Qc8 16. h4 Nxd4 17. Nd5 Nxf3+ 18. Bxf3 Qd8 19. h5 Nf6 20. hxg6 hxg6 21. Bg5
Nxd5 22. exd5 Bf5 23. Rc1 Bb2 24. Rc6 Bd7 25. Qc2 Bxc6 26. dxc6 1-0

[Event "International Championship of Central Se"]
[Site "Paracin, hotel "]
[Date "2012.07.07"]
[Round "2.16"]
[White "Pantic, Radosav"]
[Black "Nikolic, Vladimir"]
[Result "0-1"]
[WhiteElo "1830"]
[BlackElo "1987"]
[PlyCount "94"]
[EventDate "2012.07.06"]

1. d4 d5 2. c4 Nc6 3. Nc3 e6 4. Nf3 Bb4 5. e3 Nf6 6. Bd3 dxc4 7. Bxc4 Ne4 8.
Qc2 Nxc3 9. bxc3 Be7 10. a4 O-O 11. O-O h6 12. Ba3 Bxa3 13. Rxa3 Qd6 14. Ra2 e5
15. Rd1 Rd8 16. Be2 Qf6 17. dxe5 Rxd1+ 18. Qxd1 Nxe5 19. Nxe5 Qxe5 20. Qd8+ Kh7
21. Bd3+ g6 22. Qd4 Qe7 23. Bc4 Bd7 24. Rd2 Bc6 25. Bb5 Bxb5 26. axb5 a5 27.
Qd7 Re8 28. Qd4 b6 29. Kf1 Qe5 30. g3 Qxb5+ 31. c4 Qe5 32. Ke2 Kg7 33. f4 Qxd4
34. Rxd4 Kf6 35. e4 Ke7 36. Rd3 h5 37. h3 a4 38. Ke3 c6 39. g4 hxg4 40. hxg4 b5
41. cxb5 cxb5 42. Rd5 Rb8 43. Kd2 b4 44. Kc1 b3 45. Ra5 Rb4 46. f5 gxf5 47.
exf5 Kd6 0-1

[Event "International Championship of Central Se"]
[Site "Paracin, hotel "]
[Date "2012.07.07"]
[Round "2.17"]
[White "Radovic, Luka"]
[Black "Vaskovic, Dragan"]
[Result "1/2-1/2"]
[WhiteElo "1982"]
[BlackElo "1823"]
[PlyCount "55"]
[EventDate "2012.07.06"]

1. Nf3 Nf6 2. g3 d5 3. c4 c6 4. b3 g6 5. Bg2 Bg7 6. Bb2 O-O 7. O-O Nbd7 8. d3
Re8 9. Nbd2 e5 10. e4 d4 11. Ne1 c5 12. f4 Rb8 13. Nc2 Qc7 14. Qe2 Nh5 15. Bf3
Nhf6 16. Bg2 Nh5 17. f5 b6 18. Bf3 Nhf6 19. g4 h6 20. h4 Nh7 21. Kg2 Qd8 22.
Rh1 Bf6 23. Qf2 g5 24. hxg5 Bxg5 25. Nf1 Kg7 26. Bc1 Bxc1 27. Rxc1 Qg5 28. Ng3
1/2-1/2

[Event "International Championship of Central Se"]
[Site "Paracin, hotel "]
[Date "2012.07.07"]
[Round "2.18"]
[White "Milosavljevic, Delimir"]
[Black "Stefanov, Evtim"]
[Result "0-1"]
[WhiteElo "1824"]
[BlackElo "1969"]
[PlyCount "76"]
[EventDate "2012.07.06"]

1. c4 e6 2. Nc3 d5 3. cxd5 exd5 4. d4 Nf6 5. Nf3 c5 6. g3 c4 7. Bg2 a6 8. O-O
Be7 9. a3 O-O 10. Re1 Nc6 11. Ne5 Na5 12. Rb1 Bf5 13. e4 dxe4 14. Nxe4 Bxe4 15.
Bxe4 Nxe4 16. Rxe4 Qd5 17. Re1 Bf6 18. Qa4 Rad8 19. Be3 Nb3 20. Qxc4 Nxd4 21.
Qxd5 Rxd5 22. Bxd4 Rxd4 23. Nf3 Rd3 24. Kg2 Rc8 25. Re4 g6 26. Rb4 Rd7 27. a4
Rc2 28. b3 Kg7 29. h4 Be7 30. Rf4 Bc5 31. Ne5 Rdd2 32. Rf1 Bd6 33. Re4 f5 34.
Ree1 Bc5 35. Nc4 Rxf2+ 36. Rxf2 Rxf2+ 37. Kh3 Rf3 38. Nd2 Rd3 0-1

[Event "International Championship of Central Se"]
[Site "Paracin, hotel "]
[Date "2012.07.07"]
[Round "2.19"]
[White "Dragojevic, Dragan"]
[Black "Milutinovic, Bojan"]
[Result "0-1"]
[WhiteElo "1968"]
[BlackElo "1815"]
[Annotator "Milojevic,Boban"]
[PlyCount "60"]
[EventDate "2012.07.06"]

1. e4 c5 2. f4 Nc6 3. Nf3 d6 4. Bc4 g6 5. O-O Bg7 6. c3 e6 7. Qe2 Nge7 8. d3
O-O 9. a4 d5 10. Bb3 Qb6 11. Bc2 d4 12. c4 e5 13. b3 Bg4 14. h3 Bxf3 15. Qxf3
f5 16. Ra2 Nb4 17. Rb2 exf4 18. e5 Bxe5 19. Bd1 Nec6 20. Re2 Qc7 21. Rfe1 Bd6
22. Na3 a6 23. Bd2 Ne5 24. Rxe5 Bxe5 25. Bxb4 cxb4 26. Nc2 Bd6 27. Qd5+ Kg7 28.
Qxd4+ Kh6 29. Qf2 Rae8 30. Nd4 Re7 {unreadable} 0-1

[Event "International Championship of Central Se"]
[Site "Paracin, hotel "]
[Date "2012.07.07"]
[Round "2.20"]
[White "Velikic, Vule"]
[Black "Djordjevic, Danilo"]
[Result "0-1"]
[WhiteElo "1816"]
[BlackElo "1967"]
[PlyCount "34"]
[EventDate "2012.07.06"]

1. d4 d5 2. c4 c6 3. Nc3 Nf6 4. Nf3 e6 5. e3 Nbd7 6. Bd3 Bd6 7. O-O O-O 8. b3
Re8 9. Qc2 dxc4 10. Bxc4 e5 11. dxe5 Nxe5 12. Nxe5 Bxe5 13. Bb2 Bxh2+ 14. Kh1
Bb8 15. Rfd1 Qa5 16. Be2 Bg4 17. Rd4 Qh5+ 0-1

[Event "International Championship of Central Se"]
[Site "Paracin, hotel "]
[Date "2012.07.07"]
[Round "2.21"]
[White "Radovanovic, Miroljub B"]
[Black "Pavlovic, Slobodan Z"]
[Result "1/2-1/2"]
[WhiteElo "1953"]
[BlackElo "1805"]
[PlyCount "130"]
[EventDate "2012.07.06"]

1. e4 c5 2. Nf3 e6 3. d4 cxd4 4. Nxd4 Be7 5. Nc3 a6 6. Be2 Nc6 7. Be3 Nf6 8.
O-O Ne5 9. f4 Nc6 10. e5 Nd5 11. Nxd5 exd5 12. Nf5 g6 13. Nh6 Qa5 14. c3 Bf8
15. Ng4 Bg7 16. b4 Qa3 17. Qc2 d4 18. Bxd4 Nxd4 19. cxd4 Qxb4 20. Qe4 O-O 21.
Ne3 Re8 22. Rab1 Qa5 23. Nc4 Qc7 24. Qd5 Bf8 25. Rfc1 Qd8 26. Nb6 Rb8 27. Bc4
Qe7 28. Rc3 Kh8 29. Qxf7 Qxf7 30. Bxf7 d5 31. Bxe8 Bf5 32. Bxg6 hxg6 33. Rbc1
Bb4 34. Nxd5 Bxc3 35. Nxc3 b5 36. Kf2 a5 37. Ke3 a4 38. Nd5 b4 39. g4 Bxg4 40.
Nf6 Bf5 41. Rc7 g5 42. fxg5 b3 43. axb3 axb3 44. Rc1 b2 45. Re1 b1=Q 46. Rxb1
Rxb1 47. h4 Kg7 48. h5 Rb4 49. d5 Ra4 50. e6 Kf8 51. h6 Rh4 52. Kf3 Ke7 53. Kg3
Rh1 54. Kg2 Rh4 55. Kg3 Rh1 56. Kg2 Rh4 57. Kg3 Rh1 58. Kf4 Bg6 59. Ke5 Re1+
60. Kd4 Rg1 61. h7 Rh1 62. Ke5 Re1+ 63. Kd4 Rh1 64. Ke5 Re1+ 65. Kf4 Rh1
1/2-1/2

[Event "International Championship of Central Se"]
[Site "Paracin, hotel "]
[Date "2012.07.07"]
[Round "2.22"]
[White "Majcen, Zoran"]
[Black "Kastelijn, Toine"]
[Result "0-1"]
[WhiteElo "1809"]
[BlackElo "1946"]
[PlyCount "74"]
[EventDate "2012.07.06"]

1. d4 e6 2. Bf4 Nf6 3. Nf3 c5 4. e3 Be7 5. c3 Nc6 6. h3 O-O 7. Nbd2 Nh5 8. Bh2
f5 9. Nc4 Nf6 10. Bd3 d5 11. Nce5 Bd7 12. Rc1 Ne4 13. O-O Be8 14. Bb1 Bh5 15.
Qc2 Rc8 16. Nxc6 Rxc6 17. Ne5 Rc8 18. f3 Bg5 19. Rce1 Nd6 20. g4 Be8 21. Qg2
Bb5 22. Bd3 Bxd3 23. Nxd3 Nc4 24. f4 Be7 25. g5 Qe8 26. Qe2 b6 27. h4 h5 28. b3
Nd6 29. Ne5 g6 30. Rc1 Ne4 31. Kg2 Bd6 32. Bg3 Bxe5 33. dxe5 c4 34. b4 a5 35.
a3 Qa4 36. Qb2 Qb3 37. Be1 Qxb2+ 0-1

[Event "International Championship of Central Se"]
[Site "Paracin, hotel "]
[Date "2012.07.07"]
[Round "2.23"]
[White "Zdravkovic, Dragan S"]
[Black "Cokan, Mirko"]
[Result "0-1"]
[WhiteElo "1943"]
[BlackElo "1800"]
[PlyCount "100"]
[EventDate "2012.07.06"]

1. e4 e5 2. Nf3 Nc6 3. Bb5 a6 4. Ba4 Bc5 5. c3 Nge7 6. d4 exd4 7. cxd4 Bb4+ 8.
Nc3 b5 9. Bc2 d6 10. h3 Bb7 11. O-O Ng6 12. Bg5 f6 13. Be3 Nce7 14. a3 Bxc3 15.
bxc3 O-O 16. Qd3 Rc8 17. a4 c6 18. Rfd1 Qe8 19. Bb3+ Kh8 20. Bc2 Rd8 21. axb5
cxb5 22. c4 bxc4 23. Qxc4 d5 24. Qb3 Rb8 25. exd5 Bxd5 26. Qd3 Bxf3 27. gxf3
Nd5 28. Bd2 Nb4 29. Bxb4 Rxb4 30. Rxa6 Qc8 31. Kh2 Rd8 32. d5 Rh4 33. Rb6 Rxh3+
34. Kg1 Rh5 35. Qe4 Rh4 36. Qf5 Nf4 37. Rc6 Qb8 38. d6 Ng6 39. Qc5 Ne5 40. Rb6
Qa8 41. Be4 Nxf3+ 42. Kf1 Qxe4 43. Qe3 Qc4+ 44. Kg2 Qg4+ 45. Kf1 Ne5 46. f3 Qg3
47. Rc1 Rh1+ 48. Ke2 Rxc1 49. Qxc1 Qxf3+ 50. Kd2 Qf2+ 0-1

[Event "International Championship of Central Se"]
[Site "Paracin, hotel "]
[Date "2012.07.07"]
[Round "2.24"]
[White "Lazovic, Bozidar"]
[Black "Jaklin, Damir"]
[Result "1-0"]
[WhiteElo "1802"]
[BlackElo "1937"]
[PlyCount "99"]
[EventDate "2012.07.06"]

1. Nf3 Nf6 2. g3 d6 3. d3 e5 4. Bg2 Be7 5. O-O O-O 6. e4 Re8 7. Nc3 c6 8. h3
Nbd7 9. Nh4 Nb6 10. Nf5 Bxf5 11. exf5 d5 12. g4 d4 13. Ne4 Nbd5 14. a3 Nf4 15.
Nxf6+ Bxf6 16. Qf3 Nxg2 17. Qxg2 Bg5 18. Re1 Bxc1 19. Raxc1 Qg5 20. Rcd1 h5 21.
Re4 f6 22. Rde1 Kf8 23. Kf1 Rad8 24. Qf3 h4 25. Qe2 Rd5 26. f4 Qh6 27. Qg2 Red8
28. fxe5 fxe5 29. g5 Qh7 30. Kg1 Re8 31. Rf1 Kg8 32. g6 Qh6 33. Qf2 Rf8 34.
Qxh4 Qxh4 35. Rxh4 c5 36. b3 b5 37. Rf3 a5 38. Kf1 c4 39. Ke2 cxb3 40. cxb3 Rc5
41. Re4 Re8 42. f6 gxf6 43. Rxf6 Kg7 44. Rb6 Rc2+ 45. Kd1 Rec8 46. Rxe5 Rc1+
47. Ke2 R8c2+ 48. Kf3 Rf1+ 49. Ke4 Re2+ 50. Kxd4 1-0

[Event "International Championship of Central Se"]
[Site "Paracin, hotel "]
[Date "2012.07.07"]
[Round "2.25"]
[White "Antonijevic, Milutin"]
[Black "Mirkovic, Dejan"]
[Result "1/2-1/2"]
[WhiteElo "1790"]
[BlackElo "1919"]
[PlyCount "56"]
[EventDate "2012.07.06"]

1. e4 c5 2. Nf3 Nc6 3. Nc3 d6 4. d4 cxd4 5. Nxd4 g6 6. Be3 Bg7 7. Qd2 Nf6 8. f3
a6 9. O-O-O Nxd4 10. Bxd4 Qa5 11. Kb1 Be6 12. Qe3 Rc8 13. Bb6 Qh5 14. Be2 Qh6
15. Qf2 Nd7 16. Bd4 Bxd4 17. Qxd4 O-O 18. h4 Qg7 19. g4 Qxd4 20. Rxd4 Nf6 21.
Rg1 b5 22. Bd1 Rc4 23. Rxc4 Bxc4 24. b3 Be6 25. a4 Rc8 26. Kb2 b4 27. Ne2 h5
28. g5 Nd7 1/2-1/2

[Event "International Championship of Central Se"]
[Site "Paracin, hotel "]
[Date "2012.07.07"]
[Round "2.26"]
[White "Barbul, Ionel"]
[Black "Litvinenko, Ekaterina"]
[Result "0-1"]
[WhiteElo "1778"]
[BlackElo "1914"]
[PlyCount "100"]
[EventDate "2012.07.06"]

1. d4 c5 2. d5 Nf6 3. Nc3 d6 4. e4 g6 5. f4 Bg7 6. Bb5+ Bd7 7. e5 Ng8 8. Nf3
Bxb5 9. Nxb5 a6 10. Nc3 Nh6 11. O-O O-O 12. Qe2 dxe5 13. fxe5 Nd7 14. Bf4 Nf5
15. Rad1 Qb6 16. Qd2 Nd4 17. Nxd4 cxd4 18. Na4 Qa7 19. Qxd4 Qxd4+ 20. Rxd4 Nxe5
21. Re4 Ng4 22. Rfe1 Nf6 23. Rd4 Rad8 24. Nb6 Nd7 25. Rb4 Nxb6 26. Rxb6 Bd4+
27. Be3 Bxb6 28. Bxb6 Rxd5 29. Rxe7 Rc8 30. c3 Rd1+ 31. Kf2 Rd2+ 32. Kf1 Rxb2
33. Rxb7 Rxa2 34. Bd4 Kf8 35. Bf6 a5 36. c4 Rc2 37. Rb5 R2xc4 38. g3 R4c5 39.
Rxc5 Rxc5 40. Bb2 Rf5+ 41. Ke2 a4 42. h3 Rb5 43. Ba3+ Kg7 44. Kd2 Rb3 45. Bd6
Kf6 46. h4 Ke6 47. Bf4 a3 48. Kc2 Rb7 49. Bd2 a2 50. Bc3 Rc7 0-1